00687nam a2200169 i 450000100060000000300090000600500170001500700030003200800410003524500780007626000540015430000210020850001280022971000730035771000630043085200240049382460ES-MaACL20250901092735.0t|041110s1925 sp ||||1| spa d00aInforme sobre el cuestionario publicado por R.O. de 19 de agosto de 1925. aBarcelona : b[s.n.], c1925 (fArtes Gráficas) a70 p. ; c24 cm. aPrecede al tít.: Cámara Oficial de Comercio y Navegación. Banco Nacional Español de Crédito al Comercio Exterior.2 aCámara Oficial de Comercio, Industria y Navegación de Barcelona.2 aBanco Nacional Español de Crédito al Comercio Exterior aES-MaACLj1694-F-10